日本資本主義發達史

Zapisane w:
Opis bibliograficzny
1. autor: 高橋亀吉
Format: Książka
Język:Undetermined
Wydane: 東京 日本評論 1928
Hasła przedmiotowe:
Etykiety: Dodaj etykietę
Nie ma etykietki, Dołącz pierwszą etykiete!
Thư viện lưu trữ: Trung tâm Học liệu Trường Đại học Cần Thơ
LEADER 00489nam a2200193Ia 4500
001 CTU_81072
008 210402s9999 xx 000 0 und d
082 |a 330.952 
082 |b T136 
100 |a 高橋亀吉 
245 0 |a 日本資本主義發達史 
245 0 |c 高橋亀吉 
260 |a 東京 
260 |b 日本評論 
260 |c 1928 
650 |a Economic Conditions 
650 |z Japan 
904 |i Ngoc,Hải 
980 |a Trung tâm Học liệu Trường Đại học Cần Thơ